| 000 | 00553nam a2200205 4500 | ||
|---|---|---|---|
| 999 |
_c163667 _d163667 |
||
| 005 | 20190426124215.0 | ||
| 010 | _aB-045732 | ||
| 035 | _aB-045732 | ||
| 037 | _bDBAD/PUB | ||
| 082 | _a616.7 | ||
| 100 | _aDaley, Raymond | ||
| 245 |
_aProgress in clinical medicine/ _ced. by Raymond daley |
||
| 260 |
_aLondon _bJ. & A. Churchill ltd. _c1961 |
||
| 270 |
_a104 Gloucester Plac, W.1 _bLondon |
||
| 300 |
_a345p. _c23cm.(hbk) |
||
| 500 | _a ill. | ||
| 700 | _aHenry Miller | ||
| 942 |
_2ddc _cEN _h616.7 _mDAL |
||